[Event "RUS vs. ROW"]
[Site "Moscow RUS"]
[Date "2002.09.11"]
[Round "9"]
[White "Kasparov,G"]
[Black "Ponomariov,R"]
[Result "1/2-1/2"]
[WhiteElo "2838"]
[BlackElo "2743"]
[EventDate "2002.09.08"]

1. e4 e5 2. Nf3 Nc6 3. Bb5 a6 4. Ba4 Nf6 5. O-O Be7 6. Re1 b5 7. Bb3 d6 8.
c3 O-O 9. h3 Na5 10. Bc2 c5 11. d4 Nd7 12. b3 cxd4 13. cxd4 Nc6 14. Nc3
exd4 15. Nd5 Nde5 16. Nxd4 Nxd4 17. Qxd4 Bf6 18. Kh1 Bxh3 19. gxh3 Qc8 20.
Nxf6+ gxf6 21. Rg1+ Kh8 22. Qe3 Qxc2 23. Qf4 Nd7 24. Qf5 Rg8 25. Be3 d5 26.
Qxd7 Qxe4+ 27. Kh2 1/2-1/2

[Event "RUS vs. ROW"]
[Site "Moscow RUS"]
[Date "2002.09.11"]
[Round "9"]
[White "Ivanchuk,V"]
[Black "Bareev,E"]
[Result "1/2-1/2"]
[WhiteElo "2711"]
[BlackElo "2726"]
[EventDate "2002.09.08"]

1. e4 c6 2. d4 d5 3. Nc3 dxe4 4. Nxe4 Bf5 5. Ng3 Bg6 6. h4 h6 7. Nf3 Nd7 8.
h5 Bh7 9. Bd3 Bxd3 10. Qxd3 e6 11. Bd2 Ngf6 12. O-O-O Be7 13. Kb1 O-O 14.
Qe2 c5 15. dxc5 Bxc5 16. Ne1 Rc8 17. Nd3 Be7 18. Ne4 Nxe4 19. Qxe4 Qc7 20.
c3 Nf6 21. Qf3 Rfd8 22. Bf4 Qb6 23. Be5 Nd5 24. Rc1 f6 25. c4 Nb4 26. Nxb4
fxe5 27. Nc2 Rxc4 28. Ne3 Rcd4 29. Rc2 e4 30. Qe2 a5 31. Rhc1 Bf6 32. Rc8
a4 33. a3 Qb3 34. R1c3 Rxc8 35. Rxc8+ Rd8 36. Rxd8+ Bxd8 37. Nc4 b5 38. Nd6
b4 39. Nxe4 bxa3 40. Nc5 Qxb2+ 41. Qxb2 axb2 42. Nxa4 Kf7 43. Kxb2 Kf6 44.
Kc3 Kg5 45. Nc5 1/2-1/2

[Event "RUS vs. ROW"]
[Site "Moscow RUS"]
[Date "2002.09.11"]
[Round "10"]
[White "Anand,V"]
[Black "Kasparov,G"]
[Result "1/2-1/2"]
[WhiteElo "2755"]
[BlackElo "2838"]
[EventDate "2002.09.08"]

1. e4 c5 2. Nf3 d6 3. d4 cxd4 4. Nxd4 Nf6 5. Nc3 a6 6. Be3 e6 7. g4 h6 8.
f3 b5 9. Qd2 Nbd7 10. O-O-O Bb7 11. h4 b4 12. Na4 Qa5 13. b3 Nc5 14. a3 Rc8
15. Qxb4 Qc7 16. Nxc5 dxc5 17. Qa4+ Nd7 18. Ne2 c4 19. Bf4 Qc6 20. Kb2 Qxa4
21. bxa4 Be7 22. Nc3 Bf6 23. Be2 Nb6 24. e5 Be7 25. a5 Nd5 26. Bd2 f6 27.
Nxd5 Bxd5 28. Bc3 fxe5 29. Bxe5 O-O 30. Rh3 Rc5 31. f4 Rb5+ 32. Ka2 Rxa5
33. Kb2 Rb5+ 34. Kc1 Ra5 35. Kb2 Rb5+ 1/2-1/2

[Event "RUS vs. ROW"]
[Site "Moscow RUS"]
[Date "2002.09.11"]
[Round "10"]
[White "Khalifman,A"]
[Black "Short,N"]
[Result "1/2-1/2"]
[WhiteElo "2690"]
[BlackElo "2682"]
[EventDate "2002.09.08"]

1. d4 Nf6 2. c4 e6 3. Nf3 d5 4. Nc3 Be7 5. Bg5 h6 6. Bh4 O-O 7. e3 b6 8.
Be2 dxc4 9. Bxc4 Bb7 10. O-O Nbd7 11. Qe2 Ne4 12. Bg3 Bd6 13. Nxe4 Bxe4 14.
Rfd1 Bxg3 15. hxg3 Qe7 16. Rac1 Rfd8 17. Bb5 c5 18. a3 Rac8 19. Ba6 Rc7 20.
Nd2 Bb7 21. Bxb7 Rxb7 22. Nb3 Rc7 23. Rc2 Rdc8 24. Rdc1 e5 25. Qb5 exd4 26.
exd4 g6 1/2-1/2

[Event "RUS vs. ROW"]
[Site "Moscow RUS"]
[Date "2002.09.11"]
[Round "10"]
[White "Shirov,A"]
[Black "Svidler,P"]
[Result "1-0"]
[WhiteElo "2697"]
[BlackElo "2690"]
[EventDate "2002.09.08"]

1. e4 c5 2. Nf3 d6 3. d4 cxd4 4. Nxd4 Nf6 5. Nc3 a6 6. Be3 e6 7. f3 b5 8.
g4 h6 9. Qd2 Nbd7 10. O-O-O Bb7 11. h4 b4 12. Na4 Qa5 13. b3 Rc8 14. Kb1
Nc5 15. Nxc5 dxc5 16. Ne2 Bc6 17. Ng3 Nd7 18. f4 Be7 19. Bd3 Nb6 20. Qf2
Na8 21. g5 Nc7 22. Nh5 Nb5 23. Bxb5 axb5 24. Nxg7+ Kf8 25. Nxe6+ fxe6 26.
f5 Ke8 27. fxe6 1-0